| 000 | 01574cam a2200205 4500 | ||
|---|---|---|---|
| 008 | #DATE n2002 000 0 eng u | ||
| 020 | _a0110429184 | ||
| 035 | _a(Sirsi) u123085 | ||
| 041 | _aeng | ||
| 050 |
_a549.66 _c18 |
||
| 245 | 4 | _aThe Control of Asbestos at Work Regulations 2002 | |
| 260 |
_aLondon _bHMSO _c2002 |
||
| 490 |
_aSI _v2002: 2675 |
||
| 520 | _aCame into force on 21 November 2002 with the exception of Reg 4 (21 May 2004) and Reg 20 (21 November 2004). Modifies the Control of Asbestos at Work Regulations 1987 implementing several EC Directives relating to asbestos. Key modifications include: a duty to manage asbestos in non-domestic premises (Reg 4); a extension the matters to be considered when carrying out a risk assessment of the exposure to asbestos (Reg 6); the introduction of a duty on the employer to prepare procedures, provide information and establish warning systems to deal with a workplace emergency involving an asbestos incident (Reg 14); air monitoring (Reg 18); and the extension of the duties on employers with respect to health records and medical surveillance where an employee is found to have an identifiable disease or adverse health effect caused by exposure to asbestos at work. View at www.hsmo.gov.uk. | ||
| 650 | _aMANAGEMENT-HEALTH AND SAFETY-HAZARDOUS SUBSTANCES-ASBESTOS | ||
| 650 | _aCONTROL OF ASBESTOS AT WORK REGULATIONS 2002 | ||
| 690 |
_aHEALTH AND SAFETY _96244 |
||
| 856 |
_uhttps://www.legislation.gov.uk/uksi/2002/2675/contents/made _vView the Regulations at www.legislation.gov.uk. |
||
| 942 | _n0 | ||
| 999 |
_c102999 _d102999 |
||